[Event "6. Torneo Distrito Chamartin 2017"]
[Site "Madrid ESP"]
[Date "2017.09.10"]
[Round "9.30"]
[White "Alameda Arellano, Cristeto"]
[Black "Martinez Aragon, Aitor"]
[Result "0-1"]
[WhiteElo "1577"]
[BlackElo "1702"]
[PlyCount "74"]
[EventDate "2017.09.04"]
[EventType "swiss"]
[EventRounds "9"]
[EventCountry "ESP"]
[SourceTitle "Ajedrez en Madrid"]
[Source "lmi"]
[SourceDate "2017.09.04"]
[SourceVersion "1"]
[SourceVersionDate "2018.03.05"]
[SourceQuality "1"]

1. d4 Nf6 2. Bf4 d5 3. e3 Bf5 4. Nf3 e6 5. Be2 Bd6 6. Bg3 O-O 7. c4 Nbd7 8.
Bxd6 cxd6 9. cxd5 Nxd5 10. Nbd2 N7f6 11. O-O Rc8 12. Qa4 a6 13. Rfc1 h6 14. Qa3
Qd7 15. Nh4 Bh7 16. Nc4 Rc6 17. Bd3 Rfc8 18. Bxh7+ Nxh7 19. b3 Qc7 20. e4 Nb6
21. Qb4 Nxc4 22. bxc4 Rxc4 23. Rxc4 Qxc4 24. Qd2 Nf6 25. Re1 b5 26. g3 Qc3 27.
Qd1 Qc2 28. Qe2 Qxe2 29. Rxe2 Rc4 30. Nf3 b4 31. e5 dxe5 32. Rxe5 Nd5 33. Re1
Rc2 34. a4 b3 35. Ne5 b2 36. Nd3 Nc3 37. Nb4 Rc1 0-1

[Event "6. Torneo Distrito Chamartin 2017"]
[Site "Madrid ESP"]
[Date "2017.09.10"]
[Round "9.31"]
[White "Castro Contreras, Bruno"]
[Black "Martinez Miura, Enrique"]
[Result "1/2-1/2"]
[WhiteElo "1378"]
[BlackElo "1684"]
[PlyCount "118"]
[EventDate "2017.09.04"]
[EventType "swiss"]
[EventRounds "9"]
[EventCountry "ESP"]
[SourceTitle "Ajedrez en Madrid"]
[Source "lmi"]
[SourceDate "2017.09.04"]
[SourceVersion "1"]
[SourceVersionDate "2018.03.05"]
[SourceQuality "1"]

1. d4 e6 2. c4 d5 3. Nc3 Nf6 4. Nf3 Be7 5. Bf4 c6 6. e3 O-O 7. Bd3 Nbd7 8. O-O
b6 9. cxd5 cxd5 10. Rc1 a6 11. e4 Bb7 12. exd5 exd5 13. Re1 Rc8 14. Ne2 Bb4 15.
Nc3 Re8 16. Rxe8+ Qxe8 17. Ne5 Nxe5 18. Bxe5 Nd7 19. Bf5 f6 20. Qg4 Nxe5 21.
dxe5 Rc4 22. Be6+ Kh8 23. Qf5 fxe5 24. h3 Bc6 25. Re1 Bxc3 26. bxc3 e4 27. Bxd5
Bxd5 28. Qxd5 Rxc3 29. Qxe4 Qxe4 30. Rxe4 Rc1+ 31. Kh2 Kg8 32. Re6 Rb1 33. g4
b5 34. Rxa6 Rb2 35. Kg3 b4 36. Ra7 b3 37. axb3 Rxb3+ 38. f3 h6 39. h4 Rc3 40.
h5 Rb3 41. Rd7 Ra3 42. Kf4 Ra4+ 43. Ke5 Ra5+ 44. Rd5 Ra6 45. f4 Kf7 46. Rd7+
Kf8 47. Rd6 Ra5+ 48. Rd5 Ra6 49. f5 Ra4 50. Rd4 Ra5+ 51. Kf4 Ke7 52. g5 hxg5+
53. Kxg5 Ra6 54. Re4+ Kf7 55. Re6 Ra1 56. h6 Rg1+ 57. Kf4 gxh6 58. Rxh6 Rf1+
59. Ke5 Re1+ 1/2-1/2

[Event "6. Torneo Distrito Chamartin 2017"]
[Site "Madrid ESP"]
[Date "2017.09.10"]
[Round "9.32"]
[White "Serrera Sanchez Romo, Sergio"]
[Black "Villarroya Samaniego, Javier"]
[Result "1-0"]
[WhiteElo "1684"]
[BlackElo "1358"]
[PlyCount "63"]
[EventDate "2017.09.04"]
[EventType "swiss"]
[EventRounds "9"]
[EventCountry "ESP"]
[SourceTitle "Ajedrez en Madrid"]
[Source "lmi"]
[SourceDate "2017.09.04"]
[SourceVersion "1"]
[SourceVersionDate "2018.03.05"]
[SourceQuality "1"]

1. c4 f5 2. Nc3 Nf6 3. g3 e6 4. Bg2 c6 5. Nf3 d5 6. cxd5 exd5 7. d4 Bd6 8. O-O
O-O 9. Ne5 Re8 10. f4 Be6 11. e3 Bxe5 12. fxe5 Ne4 13. Bxe4 fxe4 14. b3 Nd7 15.
Ba3 b6 16. Bd6 b5 17. Rc1 a5 18. Ne2 Bg4 19. Rxc6 Qg5 20. Qd2 Bf3 21. Nf4 Nf8
22. Bxf8 Rxf8 23. Nxd5 Qg4 24. Nf4 Rf7 25. e6 Rf6 26. d5 Re8 27. d6 Rxf4 28.
exf4 e3 29. d7 Rd8 30. e7 Qxd7 31. Qxd7 Bxc6 32. exd8=Q# 1-0

[Event "6. Torneo Distrito Chamartin 2017"]
[Site "Madrid ESP"]
[Date "2017.09.10"]
[Round "9.33"]
[White "Perdiguero Herreros, Alejandro"]
[Black "Bellagamba, Pascal"]
[Result "0-1"]
[WhiteElo "1265"]
[BlackElo "1652"]
[PlyCount "68"]
[EventDate "2017.09.04"]
[EventType "swiss"]
[EventRounds "9"]
[EventCountry "ESP"]
[SourceTitle "Ajedrez en Madrid"]
[Source "lmi"]
[SourceDate "2017.09.04"]
[SourceVersion "1"]
[SourceVersionDate "2018.03.05"]
[SourceQuality "1"]

1. e4 d6 2. Nf3 Nf6 3. Nc3 c6 4. Bc4 e5 5. O-O b5 6. Bb3 b4 7. Ne2 Nxe4 8. d3
Nf6 9. Ng5 d5 10. Ng3 h6 11. Nf3 Bd6 12. Re1 Qc7 13. Bf4 Bg4 14. Ba4 O-O 15.
Bd2 e4 16. dxe4 Bxg3 17. e5 Bxe5 18. Rxe5 Bxf3 19. Qxf3 Qxe5 20. c3 a5 21. Re1
Qd6 22. Bf4 Qd8 23. Qg3 Nh5 24. Qe3 Nxf4 25. Qxf4 bxc3 26. bxc3 Re8 27. Re3
Rxe3 28. Qxe3 Ra6 29. Bc2 Rb6 30. Qd3 g6 31. Qh3 Kg7 32. Qd3 Qf6 33. Qe3 Rb2
34. Qc1 Qxc3 0-1

[Event "6. Torneo Distrito Chamartin 2017"]
[Site "Madrid ESP"]
[Date "2017.09.10"]
[Round "9.34"]
[White "Rottenwoerer, Christoph"]
[Black "Di Pietro Moreno, Fatima"]
[Result "1/2-1/2"]
[WhiteElo "1691"]
[BlackElo "1403"]
[PlyCount "62"]
[EventDate "2017.09.04"]
[EventType "swiss"]
[EventRounds "9"]
[EventCountry "ESP"]
[SourceTitle "Ajedrez en Madrid"]
[Source "lmi"]
[SourceDate "2017.09.04"]
[SourceVersion "1"]
[SourceVersionDate "2018.03.05"]
[SourceQuality "1"]

1. d4 d5 2. Bf4 e6 3. e3 c5 4. c3 Nc6 5. Nf3 Qb6 6. Qb3 Nf6 7. Nbd2 Be7 8. h3
O-O 9. Be2 Qxb3 10. axb3 cxd4 11. exd4 b6 12. b4 Bb7 13. Ba6 Bxa6 14. Rxa6 Nd7
15. Ke2 Bf6 16. Bd6 Rfe8 17. b5 Ncb8 18. Ra2 e5 19. dxe5 Nxe5 20. Nxe5 Bxe5 21.
Bxe5 Rxe5+ 22. Kd3 Rf5 23. Rha1 Nd7 24. Rxa7 Nc5+ 25. Ke3 Re8+ 26. Kd4 Ne6+ 27.
Kd3 Nf4+ 28. Kc2 Nxg2 29. Ra8 Kf8 30. R1a6 Rf6 31. b3 Ne1+ 1/2-1/2

[Event "6. Torneo Distrito Chamartin 2017"]
[Site "Madrid ESP"]
[Date "2017.09.10"]
[Round "9.35"]
[White "Diaz Begonte, Manuel"]
[Black "Centeno Mateos, Domingo"]
[Result "0-1"]
[WhiteElo "1632"]
[BlackElo "1349"]
[PlyCount "133"]
[EventDate "2017.09.04"]
[EventType "swiss"]
[EventRounds "9"]
[EventCountry "ESP"]
[SourceTitle "Ajedrez en Madrid"]
[Source "lmi"]
[SourceDate "2017.09.04"]
[SourceVersion "1"]
[SourceVersionDate "2018.03.05"]
[SourceQuality "1"]

1. d4 Nf6 2. Nc3 e6 3. e4 Bb4 4. Bd3 O-O 5. Nge2 b6 6. O-O c6 7. a3 Be7 8. e5
Nd5 9. Nxd5 cxd5 10. Ng3 Ba6 11. Qg4 Bxd3 12. cxd3 f5 13. exf6 Bxf6 14. Nh5 Nc6
15. Be3 Qe7 16. b4 Qf7 17. Nxf6+ Qxf6 18. b5 Ne7 19. Rac1 Rac8 20. h3 Qf5 21.
Bg5 Qxg4 22. hxg4 Ng6 23. f4 h6 24. f5 Nh8 25. Be7 Rfe8 26. f6 Nf7 27. Kf2 gxf6
28. Bxf6 Nd6 29. Ke3 Nxb5 30. a4 Nd6 31. Be5 Nf7 32. Rxc8 Rxc8 33. Rf6 Nxe5 34.
dxe5 Kg7 35. Rf2 Rc3 36. a5 b5 37. a6 Rc5 38. Rb2 Kf7 39. Kd4 Rc6 40. Rxb5 Rxa6
41. Rb7 Ke7 42. Ke3 Ra2 43. g3 a5 44. Rb1 a4 45. Rh1 a3 46. Rxh6 Rg2 47. Rh7+
Kd8 48. Rh8+ Ke7 49. Kf3 a2 50. Ra8 Rd2 51. Ke3 Rg2 52. Kf3 Rb2 53. g5 Rb3 54.
Ke3 Rb4 55. Rxa2 Rg4 56. Rg2 Rxg5 57. Kf4 Rf5+ 58. Ke3 Rxe5+ 59. Kf4 Rf5+ 60.
Ke3 e5 61. g4 Rg5 62. d4 d6 63. dxe5 dxe5 64. Kf3 d4 65. Ra2 Kd6 66. Ra8 Kd5
67. Rc8 0-1

[Event "6. Torneo Distrito Chamartin 2017"]
[Site "Madrid ESP"]
[Date "2017.09.10"]
[Round "9.37"]
[White "Picazo Sancho, Carolina"]
[Black "Yaniz Lana, Francisco Javier"]
[Result "1-0"]
[WhiteElo "1486"]
[BlackElo "1573"]
[PlyCount "111"]
[EventDate "2017.09.04"]
[EventType "swiss"]
[EventRounds "9"]
[EventCountry "ESP"]
[SourceTitle "Ajedrez en Madrid"]
[Source "lmi"]
[SourceDate "2017.09.04"]
[SourceVersion "1"]
[SourceVersionDate "2018.03.05"]
[SourceQuality "1"]

1. e4 c5 2. Nf3 Nc6 3. d4 cxd4 4. Nxd4 g6 5. c4 Bg7 6. Be3 Nf6 7. Nc3 Ng4 8.
Qxg4 Nxd4 9. Qd1 Nc6 10. Rc1 O-O 11. Be2 d6 12. O-O b6 13. f3 Bb7 14. Qd2 Re8
15. b3 Qd7 16. Na4 Rac8 17. c5 bxc5 18. Nxc5 Qc7 19. Na6 Bxa6 20. Bxa6 Rb8 21.
Qd5 Rb6 22. Bb5 e6 23. Qc4 Rc8 24. Bxb6 Qxb6+ 25. Kh1 Ne7 26. Qd3 Rb8 27. Ba4
d5 28. h3 dxe4 29. fxe4 Rd8 30. Qf3 f5 31. exf5 Nxf5 32. g4 Nh4 33. Qf2 Qb7+
34. Bc6 Qe7 35. Qc5 Qc7 36. Qg5 Rd6 37. Be4 Qd8 38. Qxd8+ Rxd8 39. Rc7 a5 40.
Ra7 Bc3 41. Ra8 Rxa8 42. Bxa8 Kg7 43. Rc1 Bb4 44. Rc7+ Kf6 45. Rxh7 Be1 46. Ra7
Ke5 47. Rf7 Kd4 48. Rf1 Bb4 49. Rc1 Bc3 50. Rf1 e5 51. Bc6 g5 52. Rc1 Bd2 53.
Rc4+ Kd3 54. Bb7 Ng6 55. Be4+ Ke3 56. Bxg6 1-0

[Event "6. Torneo Distrito Chamartin 2017"]
[Site "Madrid ESP"]
[Date "2017.09.10"]
[Round "9.40"]
[White "Enriquez Pastor, Jorge"]
[Black "Ochoa Gonzalez, Hugo"]
[Result "0-1"]
[WhiteElo "1472"]
[BlackElo "1557"]
[PlyCount "112"]
[EventDate "2017.09.04"]
[EventType "swiss"]
[EventRounds "9"]
[EventCountry "ESP"]
[SourceTitle "Ajedrez en Madrid"]
[Source "lmi"]
[SourceDate "2017.09.04"]
[SourceVersion "1"]
[SourceVersionDate "2018.03.05"]
[SourceQuality "1"]

1. e4 c5 2. c4 e6 3. Ne2 a6 4. d4 cxd4 5. Nxd4 Qc7 6. Nc3 Nf6 7. Be2 b6 8. O-O
Bb7 9. Qc2 Bc5 10. Nf3 Nc6 11. a3 O-O 12. b4 Nd4 13. Qd3 Nxe2+ 14. Qxe2 Bd6 15.
h3 Be5 16. Nxe5 Qxe5 17. Bb2 Nxe4 18. f3 Qd4+ 19. Kh2 Nxc3 20. Qc2 Qe5+ 21. f4
Qe4 22. Qd2 Na4 23. Be5 d6 24. Rfe1 Qc6 25. b5 axb5 26. cxb5 Qxb5 27. Qxd6 Rfd8
28. Qe7 Qd5 29. Rg1 f6 30. Rad1 Re8 31. Qxe8+ Rxe8 32. Rxd5 Bxd5 33. Bd4 b5 34.
Rb1 Bc4 35. Rb4 Rd8 36. Bf2 Rd3 37. Rb1 Rxa3 38. Rd1 Rd3 39. Re1 b4 40. Ra1 Ra3
41. Rc1 Bd5 42. Rc8+ Kf7 43. Rc7+ Kg6 44. g4 Ra2 45. Kg3 Ra3+ 46. Kh2 Rf3 47.
Bg3 Rf1 48. f5+ exf5 49. gxf5+ Kxf5 50. Bd6 Rh1+ 51. Kg3 Rg1+ 52. Kf2 Rg2+ 53.
Kf1 b3 54. Rc1 b2 55. Rd1 Nc3 56. Rxd5+ Nxd5 0-1

[Event "6. Torneo Distrito Chamartin 2017"]
[Site "Madrid ESP"]
[Date "2017.09.10"]
[Round "9.41"]
[White "Sanchez Lucena, Juan"]
[Black "Abad Martin-Camuñas, Luis"]
[Result "1-0"]
[WhiteElo "1485"]
[BlackElo "1397"]
[PlyCount "79"]
[EventDate "2017.09.04"]
[EventType "swiss"]
[EventRounds "9"]
[EventCountry "ESP"]
[SourceTitle "Ajedrez en Madrid"]
[Source "lmi"]
[SourceDate "2017.09.04"]
[SourceVersion "1"]
[SourceVersionDate "2018.03.05"]
[SourceQuality "1"]

1. d4 Nf6 2. Nf3 d5 3. e3 e6 4. a3 c5 5. c4 Nc6 6. Nc3 Qa5 7. Bd2 Qd8 8. Be2
dxc4 9. dxc5 Bxc5 10. Bxc4 O-O 11. Qc2 h6 12. Bd3 Bd6 13. Ne4 Ne5 14. Nxd6
Nxf3+ 15. gxf3 Qxd6 16. Bb4 Qd8 17. Bxf8 Qxf8 18. Rg1 Qd6 19. f4 b6 20. Rd1 Qe7
21. Rg3 Bb7 22. Ke2 Nh5 23. Rg4 f5 24. Rg6 Rf8 25. Rdg1 Kh7 26. Bc4 Rf6 27.
Rxf6 Nxf6 28. f3 Qd7 29. Rd1 Qc6 30. Rf1 Ba6 31. b3 b5 32. Bd3 Qxc2+ 33. Bxc2
b4+ 34. Bd3 Bxd3+ 35. Kxd3 bxa3 36. Ra1 Nd7 37. Kd4 Kg6 38. Rxa3 Nb8 39. Ke5
Kf7 40. Rxa7+ 1-0

[Event "6. Torneo Distrito Chamartin 2017"]
[Site "Madrid ESP"]
[Date "2017.09.10"]
[Round "9.42"]
[White "Gonzalez Martinez, Maria Yolanda"]
[Black "Lopez Garcia, Rafael"]
[Result "0-1"]
[WhiteElo "1145"]
[BlackElo "1392"]
[PlyCount "68"]
[EventDate "2017.09.04"]
[EventType "swiss"]
[EventRounds "9"]
[EventCountry "ESP"]
[SourceTitle "Ajedrez en Madrid"]
[Source "lmi"]
[SourceDate "2017.09.04"]
[SourceVersion "1"]
[SourceVersionDate "2018.03.05"]
[SourceQuality "1"]

1. e4 c5 2. d4 cxd4 3. Qxd4 Nc6 4. Qd1 g6 5. Nc3 Bg7 6. Bc4 e5 7. Nf3 Nf6 8.
Bg5 O-O 9. O-O d6 10. h3 h6 11. Bh4 Qb6 12. b3 Nd4 13. Qd3 Ne6 14. Nd5 Nxd5 15.
Qxd5 Nf4 16. Qd2 Qc7 17. Rfd1 Qd7 18. Bf1 g5 19. Bg3 Rd8 20. c4 b6 21. a4 a5
22. Qc3 Bb7 23. Bd3 Qe6 24. Ne1 Bxe4 25. Qc2 Bb7 26. f3 e4 27. Rab1 exd3 28.
Nxd3 Bd4+ 29. Bf2 Bxf2+ 30. Nxf2 Qf6 31. Rf1 Re8 32. Ng4 Qg7 33. Qf2 Re2 34.
Qg3 Rxg2+ 0-1

[Event "6. Torneo Distrito Chamartin 2017"]
[Site "Madrid ESP"]
[Date "2017.09.10"]
[Round "9.43"]
[White "Martin Rodriguez, Jose Luis"]
[Black "Yeghikyan, Yeva"]
[Result "1-0"]
[WhiteElo "1308"]
[BlackElo "1106"]
[PlyCount "85"]
[EventDate "2017.09.04"]
[EventType "swiss"]
[EventRounds "9"]
[EventCountry "ESP"]
[SourceTitle "Ajedrez en Madrid"]
[Source "lmi"]
[SourceDate "2017.09.04"]
[SourceVersion "1"]
[SourceVersionDate "2018.03.05"]
[SourceQuality "1"]

1. c4 d5 2. cxd5 Qxd5 3. Nc3 Qd6 4. Nf3 Nf6 5. e4 e5 6. d4 Be7 7. dxe5 Qxd1+ 8.
Kxd1 Ng4 9. Ke2 O-O 10. h3 Nh6 11. Bxh6 gxh6 12. Nd5 Nc6 13. Nxe7+ Nxe7 14. Ke3
Rd8 15. Be2 b6 16. Rhd1 Bb7 17. Rxd8+ Rxd8 18. Rd1 Re8 19. Rd7 Bc6 20. Rxc7 a6
21. Nd4 Ba8 22. Ra7 a5 23. Rc7 Bd5 24. Bb5 Rc8 25. Rxc8+ Nxc8 26. exd5 Ne7 27.
Ke4 Kg7 28. Nf5+ Nxf5 29. Kxf5 h5 30. d6 Kf8 31. Bc4 Ke8 32. Kg5 Kd7 33. Kf6
Kc6 34. Ke7 Kc5 35. Bxf7 Kd4 36. Ke6 Ke4 37. d7 Kd3 38. d8=Q+ Ke2 39. Kf5 Kxf2
40. Qh4+ Kxg2 41. Qxh5 Kh2 42. e6 Kg2 43. e7 1-0

[Event "6. Torneo Distrito Chamartin 2017"]
[Site "Madrid ESP"]
[Date "2017.09.10"]
[Round "9.44"]
[White "Bermudez Valles, Juan Alejandro"]
[Black "Gijon Molina, Carlos"]
[Result "0-1"]
[WhiteElo "1373"]
[BlackElo "1189"]
[PlyCount "67"]
[EventDate "2017.09.04"]
[EventType "swiss"]
[EventRounds "9"]
[EventCountry "ESP"]
[SourceTitle "Ajedrez en Madrid"]
[Source "lmi"]
[SourceDate "2017.09.04"]
[SourceVersion "1"]
[SourceVersionDate "2018.03.05"]
[SourceQuality "1"]

1. e4 c5 2. Bc4 e6 3. Nc3 Nc6 4. Nf3 a6 5. d3 Qc7 6. O-O Be7 7. Bg5 f6 8. Bh4
b6 9. a3 Bb7 10. Bg3 Ne5 11. d4 cxd4 12. Nxd4 Qxc4 13. Bxe5 fxe5 14. Qh5+ g6
15. Qxe5 Bf6 16. Qd6 Bxd4 17. Rad1 e5 18. Kh1 Rd8 19. f4 Bxc3 20. bxc3 Qxe4 21.
Qxe5+ Qxe5 22. fxe5 Ne7 23. Rf6 Nd5 24. Rf3 Rc8 25. Rdd3 Rc5 26. Kg1 b5 27. Kf2
h5 28. Kg3 Rh7 29. Kh4 Nxc3 30. Rf1 Rc4+ 31. Kg5 Be4 32. Rd6 Bxc2 33. Rxa6 Rg4+
34. Kf6 0-1